000 00533nam a22001937a 4500
003 OSt
005 20140311163000.0
008 130212t xxu||||| |||| 00| 0 eng d
020 _a9710851101
050 _aT 353
_b.C178 2009
245 _aTechnical drafting 1
_cElpidio J. Cardenas, Felizardo Y. Francisco
260 _aMandaluyong City
_bNational Book Store
_c2009.
300 _a125 p. : ill.
_c22 cm.
521 _aMA
562 _e1
650 _a Mechanical drafting- Basics
942 _2lcc
_cBK
_kFOR
999 _c39174
_d39174